Asia by Picture - Statistics

General Stats
  • This quiz has been taken 41 times
    29 since last reset
  • The average score is 14 of 25
Answer Stats
Picture Hint Answer % Correct
Monument Great Wall
93%
Country Indonesia
93%
Fictional Creature Dragon
81%
Media Franchise Pokemon
78%
Religion Buddhism
74%
Mountain Range Himalayas
74%
Auto Marque Hyundai
74%
Historical Figure Mahatma Gandhi
74%
Monument Taj Mahal
74%
Tallest building Burj Khalifa
70%
Island Country Cyprus
70%
{Persian} Gulf
70%
{Bengal} Tigers
67%
{Caspian} Sea
63%
{Korean} Peninsula
63%
Clothing Kimono
56%
Celebrity Jackie Chan
52%
River Mekong
44%
Kind of a Meal Bento
37%
Language Urdu
33%
Capital City Doha
26%
{Bactrian} Camel
22%
Capital City Baku
19%
Monument Merlion
15%
Religious City Haifa
7%
No matching quizzes found
Score Distribution
Percent of People with Each Score
Percentile by Number Answered
Your Score History
You have not taken this quiz since the last reset